| 000 | 00788nam a22002177a 4500 | ||
|---|---|---|---|
| 005 | 20130408114556.0 | ||
| 010 | _aENG-104350 | ||
| 020 |
_a9788178796284 _c800.00 |
||
| 035 | _aEN -87883 | ||
| 035 | _aB-491398 | ||
| 037 | _bDBAD/PUB | ||
| 037 | _bIndraprastha Prakashan/Ven | ||
| 082 | _a370.15 | ||
| 245 |
_aEducation and sports psychology / _cedited & compiled by Ramesh Chandra Pradhan |
||
| 260 |
_aNew Delhi _bSports Publication _c2011 |
||
| 270 |
_a7/26, Ground Floor, Ansari Road,Darya Ganj, _bNew Delhi _e110002 |
||
| 300 |
_a267p. _c23cm(Hb) |
||
| 700 |
_aPradhan, Ramesh Chandra _937115 |
||
| 942 |
_2ddc _cEN _mEDU _h370.15 |
||
| 999 |
_c59485 _d59485 |
||